00542nam a2200181Ia 450000500170000000800410001702000180005804100120007608200150008810000230010324500640012626000590019030000180024965000230026765000230029065000250031365000220033820260429112037.0260429s9999||||xx |||||||||||||| ||und|| a9781804894514 aEnglish a547.2bSCH aSchofield, Mollie  0aOrganic synthesis and organic reagents / cMollie Schofield aUnited Kingdom : bBrilliant Publication Ltd. ,c2026. ax, 322 p.; hb a Chemical reagents a Organic synthesis a Reaction mechanisms aOrganic chemistry